00392nam a22001337a 4500082002900000100002100029245007600050250001100126260002600137300002900163526003700192650000800229700002100237 a620.191bBOWcL-16, P-56 aBowles, Joseph E aEngineering properties of soils and their measurementcBowles, Joseph E a4th ed aNJbMcGraw-Hillc1992 ax, 241 p, ;bData sheets a0b0c0d620_191000000000000_BOW aMCE aBowles, Joseph E